WHAT IS EXHIBITION DESIGN (Record no. 1222402)

MARC details
000 -LEADER
fixed length control field 00393nam a22001577a 4500
005 - DATE AND TIME OF LATEST TRANSACTION
control field 20260609102401.0
008 - FIXED-LENGTH DATA ELEMENTS--GENERAL INFORMATION
fixed length control field 260609b |||||||| |||| 00| 0 eng d
041 ## - LANGUAGE CODE
Source of code ENGLISH
100 ## - MAIN ENTRY--PERSONAL NAME
Personal name JAN LOVENG LEE SKOLINICH
245 ## - TITLE STATEMENT
Title WHAT IS EXHIBITION DESIGN
250 ## - EDITION STATEMENT
Edition statement 2007
260 ## - PUBLICATION, DISTRIBUTION, ETC. (IMPRINT)
Place of publication, distribution, etc SINGAPUR
Name of publisher, distributor, etc PAGE ONE PUBLISHING
Date of publication, distribution, etc 1/12/2025
300 ## - PHYSICAL DESCRIPTION
Extent H-250
365 ## - TRADE PRICE
Price amount 2495.00
942 ## - ADDED ENTRY ELEMENTS (KOHA)
Item type Book

No items available.